Statistics for Top 5 NFL Players by Position

Click here to take the quiz!

General Stats

  • This quiz has been taken 929 times
  • The average score is 20 of 72

Answer Stats

PositionPlayerNo.% Correct
QB #1:Tom Brady#12
99%
QB #5:Peyton Manning#18
80%
QB #2:Joe Montana#16
79%
RB #4:Barry Sanders#20
68%
RS #2:Deion Sanders#21
67%
CB #3:Deion Sanders#21
67%
DL #3:Bruce Smith#78
66%
RB #3:Emmitt Smith#22
66%
WR #1:Jerry Rice#80
66%
RB #1:Jim Brown#32
60%
WR #3:Randy Moss#81
59%
QB HM:Brett Favre#4
58%
QB #3:John Elway#7
53%
TE #1:Tony Gonzalez#88
52%
WR HM:Calvin Johnson#81
47%
RS #4:Billy Johnson#84
46%
LB #1:Lawrence Taylor#56
46%
LB #2:Ray Lewis#52
42%
QB #4:Johnny Unitas#19
40%
DL #1:Reggie White#92
35%
S #4:Ed Reed#20
34%
RB HM:LaDanian Tomlinson#21
34%
CB #1:Dick Lane#81
32%
TE HM:Antonio Gates#85
31%
CB #4:Ronnie Lott#42
31%
DL #5:Deacon Jones#75
28%
WR #4:Michael Irvin#88
27%
CB #2:Rod Woodson#26
27%
K #2:Adam Vinatieri#4
24%
RS #1:Devin Hester#17
24%
OL #1:OTAnthony Muñoz#78
23%
WR #2:Cris Carter#80
23%
WR #5:Marvin Harrison#88
23%
DL #2:Joe Greene#75
21%
RB #5:OJ Simpson#32
21%
TE #2:Kellen Winslow#80
20%
TE #4:Shannon Sharpe#84
19%
S #2:Troy Polamalu#43
19%
RB #2:Walter Payton#34
19%
LB #3:Dick Butkus#51
18%
TE #5:Mike Ditka#89
17%
K #3:Gary Anderson#1
16%
K #1:Morten Andersen#5
16%
P #1:Ray Guy#8
16%
LB #5:Mike Singletary#50
15%
S #5:Larry Wilson#8
14%
DL HM:Michael Strahan#92
13%
CB #5:Mel Blount#47
12%
OL #5:CBruce Matthews#74
11%
LB HM:Jack Lambert#58
11%
K HM:Dan Bailey#5
10%
LB #4:Jack Ham#59
10%
DL #4:Alan Page#88
9%
TE #3:Ozzie Newsome#82
9%
S HM:Steve Atwater#27
9%
P #2:Shane Lechler#9
8%
OL #2:CMike Webster#52
7%
S #3:Paul Krause#22
7%
OL #4:OGJohn Hannah#73
6%
RS #5:Dante Hall#82
5%
OL #3:OTForrest Gregg#75
5%
OL HM:OGGene Upshaw#63
5%
K #5:George Blanda#16
5%
RS #3:Joshua Cribbs#16
5%
P #3:Sammy Baugh#45
5%
S #1:Ken Houston#27
4%
P #5:Andy Lee#4
2%
P #4:Sean Landeta#7
2%
CB HM:Dick Lebeau#44
1%
P HM:Jeff Feagles#18
1%
RS HM:Leon Washington#26
1%
K #4:Matt Stover#3
0%

Score Distribution

Percentile by Number Answered

Percent of People with Each Score

Your Score History

You have not taken this quiz